| 000 | 00366 a2200121 4500 | ||
|---|---|---|---|
| 001 | ART_7961 | ||
| 005 | 20260410161638.0 | ||
| 008 | 260409a | ||
| 245 | 1 | 0 | _aRégimen de retención a trabajadores autonómos |
| 100 | 1 | _aLorenzo, Armando | |
| 700 | 1 | _aCavalli, César M. | |
| 773 | 0 |
_tConsultor tributario _g- Vol. 2, Nº 18 (ago. 2008) _wREV474 |
|
| 999 |
_c13104 _d13104 |
||